Most Suicidal States - Statistics

General Stats
  • This quiz has been taken 93 times
  • The average score is 8 of 10
Answer Stats
Rate State % Correct
22.1 Alaska
95%
19.4 Montana
92%
16.4 Colorado
89%
16.1 Arizona
88%
18.3 Nevada
88%
20.4 New Mexico
84%
19.7 Wyoming
83%
15.2 Oregon
80%
15.4 Utah
80%
15.9 West Virginia
69%
No matching quizzes found
Score Distribution
Percent of People with Each Score
Percentile by Number Answered
Your Score History
You have not taken this quiz